[Event "Deutsche Ländermeisterschaft 2017"]
[Site "Hannover GER"]
[Date "2017.10.03"]
[Round "5"]
[White "Neukirchner, Pascal"]
[Black "Schlick, Stefan"]
[Result "1/2-1/2"]
[Termination "normal"]
[Board "5.4"]
[WhiteElo "2123"]
[BlackElo "1973"]
[WhiteClock "00:37:13"]
[BlackClock "00:47:54"]
[WhiteTeam "Hessen"]
[BlackTeam "Thüringen"]
[PlyCount "64"]
[WhiteFideId "12997927"]
[BlackFideId "16211332"]
[EventCountry "GER"]
[EventRounds "7"]
[EventType "team-swiss"]
[EventDate "2017.09.29"]

1. d4 {[%clk 1:30:57]} Nf6 {[%clk 1:30:55]} 2. c4 {[%clk 1:31:05]} e6 {[%clk
1:31:22]} 3. g3 {[%clk 1:31:28]} d5 {[%clk 1:30:37]} 4. Nf3 {[%clk 1:31:53]}
Be7 {[%clk 1:30:20]} 5. Bg2 {[%clk 1:32:17]} O-O {[%clk 1:30:46]} 6. O-O {[%clk
1:32:43]} b6 {[%clk 1:29:19]} 7. Qc2 {[%clk 1:27:57]} Bb7 {[%clk 1:28:42]} 8.
cxd5 {[%clk 1:25:29]} exd5 {[%clk 1:26:30]} 9. Bf4 {[%clk 1:25:35]} Na6 {[%clk
1:17:14]} 10. a3 {[%clk 1:18:15]} c5 {[%clk 1:15:22]} 11. Nc3 {[%clk 1:12:53]}
Nc7 {[%clk 1:14:39]} 12. Rad1 {[%clk 0:59:35]} Ne6 {[%clk 1:12:49]} 13. Bc1
{[%clk 1:00:03]} Rc8 {[%clk 1:11:02]} 14. Bh3 {[%clk 0:55:32]} Bd6 {[%clk
0:58:11]} 15. Be3 {[%clk 0:45:35]} Bb8 {[%clk 0:51:41]} 16. Ng5 {[%clk
0:37:13]} Re8 {[%clk 0:47:54]} 17. Rd2 {[%clk 0:37:13]} c4 {[%clk 0:47:54]} 18.
Qf5 {[%clk 0:37:13]} Rc7 {[%clk 0:47:54]} 19. Bg2 {[%clk 0:37:13]} Rce7 {[%clk
0:47:54]} 20. Nh3 {[%clk 0:37:13]} Qd7 {[%clk 0:47:54]} 21. Nf4 {[%clk
0:37:13]} Nxf4 {[%clk 0:47:54]} 22. Qxd7 {[%clk 0:37:13]} Nxe2+ {[%clk
0:47:54]} 23. Rxe2 {[%clk 0:37:13]} Rxd7 {[%clk 0:47:54]} 24. Rfe1 {[%clk
0:37:13]} Rde7 {[%clk 0:47:54]} 25. Kf1 {[%clk 0:37:13]} h6 {[%clk 0:47:54]}
26. h3 {[%clk 0:37:13]} Bc6 {[%clk 0:47:54]} 27. g4 {[%clk 0:37:13]} g5 {[%clk
0:47:54]} 28. f3 {[%clk 0:37:13]} Kh7 {[%clk 0:47:54]} 29. Kf2 {[%clk 0:37:13]}
Rh8 {[%clk 0:47:54]} 30. Rh1 {[%clk 0:37:13]} Kg6 {[%clk 0:47:54]} 31. h4
{[%clk 0:37:13]} Ree8 {[%clk 0:47:54]} 32. Ree1 {[%clk 0:37:13]} b5 {[%clk
0:47:54]} 1/2-1/2

[Event "Deutsche Ländermeisterschaft 2017"]
[Site "Hannover GER"]
[Date "2017.10.03"]
[Round "5"]
[White "Ratay, Meike"]
[Black "Krastev, Alexander"]
[Result "0-1"]
[Termination "normal"]
[Board "5.5"]
[WhiteElo "1812"]
[BlackElo "2072"]
[WhiteClock "00:26:00"]
[BlackClock "00:28:41"]
[WhiteTeam "Thüringen"]
[BlackTeam "Hessen"]
[PlyCount "90"]
[WhiteFideId "12977608"]
[BlackFideId "12989983"]
[EventCountry "GER"]
[EventRounds "7"]
[EventType "team-swiss"]
[EventDate "2017.09.29"]

1. e4 {[%clk 1:30:58]} e5 {[%clk 1:30:55]} 2. Nf3 {[%clk 1:31:24]} Nc6 {[%clk
1:31:19]} 3. Bb5 {[%clk 1:31:49]} f5 {[%clk 1:31:36]} 4. Nc3 {[%clk 1:31:22]}
fxe4 {[%clk 1:31:55]} 5. Nxe4 {[%clk 1:31:41]} Nf6 {[%clk 1:31:28]} 6. Nxf6+
{[%clk 1:29:52]} Qxf6 {[%clk 1:30:22]} 7. Bxc6 {[%clk 1:23:21]} Qxc6 {[%clk
1:18:09]} 8. Qe2 {[%clk 1:10:24]} d6 {[%clk 1:16:59]} 9. d4 {[%clk 1:06:17]} e4
{[%clk 1:13:35]} 10. Ng5 {[%clk 1:01:55]} d5 {[%clk 1:11:53]} 11. f3 {[%clk
0:59:18]} Bb4+ {[%clk 1:11:27]} 12. c3 Bxc3+ {[%clk 1:09:45]} 13. bxc3 {[%clk
0:43:34]} Qxc3+ {[%clk 1:10:09]} 14. Qd2 Qxa1 15. O-O {[%clk 0:42:26]} h6
{[%clk 0:38:35]} 16. Ba3 {[%clk 0:40:58]} Qxf1+ {[%clk 0:38:53]} 17. Kxf1
{[%clk 0:41:25]} hxg5 {[%clk 0:38:50]} 18. Qxg5 {[%clk 0:39:40]} Kf7 {[%clk
0:39:27]} 19. Qe7+ {[%clk 0:33:10]} Kg6 {[%clk 0:38:08]} 20. Qxc7 {[%clk
0:30:08]} Re8 {[%clk 0:36:21]} 21. Qd6+ Be6 {[%clk 0:36:42]} 22. fxe4 {[%clk
0:27:40]} Rad8 {[%clk 0:36:42]} 23. Qg3+ {[%clk 0:27:18]} Kh7 {[%clk 0:36:59]}
24. e5 {[%clk 0:26:12]} Bf5 {[%clk 0:37:11]} 25. Qf3 {[%clk 0:19:52]} Be6
{[%clk 0:34:32]} 26. Qh5+ {[%clk 0:16:48]} Kg8 {[%clk 0:32:42]} 27. Qg5 {[%clk
0:15:03]} Rd7 {[%clk 0:32:42]} 28. Ke1 {[%clk 0:12:03]} Rf7 {[%clk 0:31:24]}
29. Qg6 {[%clk 0:08:59]} Bf5 {[%clk 0:18:16]} 30. Qd6 {[%clk 0:04:53]} Be4
{[%clk 0:11:06]} 31. Qc5 {[%clk 0:04:42]} Ref8 {[%clk 0:10:55]} 32. Qb5 {[%clk
0:04:20]} a6 {[%clk 0:10:26]} 33. Qe2 {[%clk 0:04:02]} Re8 {[%clk 0:03:32]} 34.
Bc5 Re6 {[%clk 0:03:32]} 35. a4 {[%clk 0:03:23]} Rh6 {[%clk 0:03:35]} 36. g3
{[%clk 0:03:06]} Rf3 {[%clk 0:02:50]} 37. a5 {[%clk 0:01:38]} Rb3 {[%clk
0:02:21]} 38. h4 {[%clk 0:01:06]} Rxg3 {[%clk 0:01:32]} 39. Qf2 {[%clk
0:00:36]} Rf3 {[%clk 0:00:41]} 40. Qh2 Rb3 41. Qf4 {[%clk 0:27:32]} Rg6 {[%clk
0:29:31]} 42. Qf8+ {[%clk 0:26:33]} Kh7 {[%clk 0:29:29]} 43. Bb4 {[%clk
0:26:20]} Rg1+ {[%clk 0:28:35]} 44. Kf2 {[%clk 0:25:41]} Rg2+ {[%clk 0:28:59]}
45. Kf1 {[%clk 0:26:00]} Rf3+ {[%clk 0:28:41]} 0-1

[Event "Deutsche Ländermeisterschaft 2017"]
[Site "Hannover GER"]
[Date "2017.10.03"]
[Round "5"]
[White "Reinecke, Katharina"]
[Black "Nguyen, Ha Thanh"]
[Result "0-1"]
[Termination "normal"]
[Board "5.6"]
[WhiteElo "1994"]
[BlackElo "1919"]
[WhiteClock "01:17:42"]
[BlackClock "01:14:31"]
[WhiteTeam "Hessen"]
[BlackTeam "Thüringen"]
[PlyCount "132"]
[WhiteFideId "12929727"]
[BlackFideId "12942154"]
[EventCountry "GER"]
[EventRounds "7"]
[EventType "team-swiss"]
[EventDate "2017.09.29"]

1. d4 Nf6 2. c4 g6 3. Nf3 Bg7 4. g3 O-O 5. Bg2 d5 6. cxd5 Nxd5 7. O-O Nb6 8.
Nc3 Nc6 9. e3 Re8 10. b3 e5 11. dxe5 Nxe5 12. Nxe5 Bxe5 13. Bb2 c6 14. Qc2 Qe7
15. Rae1 Bg7 16. e4 Qc5 17. Kh1 f5 18. Qc1 fxe4 19. Nxe4 Qxc1 20. Bxc1 Bf5 21.
Nd6 Rxe1 22. Rxe1 Bc3 23. Re3 Rd8 24. Ba3 Bf6 25. Re1 Bc3 26. Rc1 Bd2 27. Rd1
Bc3 28. Bf3 Be6 29. Nxb7 Rxd1+ 30. Bxd1 Bd5+ 31. f3 Nd7 32. Nd6 Ne5 33. Ne4 Bd4
34. Nf6+ Kf7 35. Nxd5 cxd5 36. f4 Nd3 37. Bf3 Nf2+ 38. Kg2 Ke6 39. Kf1 h5 40.
Kg2 Ne4 41. Bxe4 dxe4 42. h3 Kf5 43. Bd6 Ke6 44. Bb8 Kf5 45. Kf1 a6 46. Ke2 Bc5
47. Be5 Bb6 48. b4 Ke6 49. Kd2 Kf5 50. Bd6 Bf2 51. g4+ hxg4 52. hxg4+ Kxg4 53.
a4 Bg3 54. b5 axb5 55. axb5 Kf5 56. b6 e3+ 57. Kc2 e2 58. b7 e1=Q 59. b8=Q Qe4+
60. Kb2 Qd4+ 61. Kc2 Qc4+ 62. Kb2 Qe2+ 63. Kb3 Qd1+ 64. Kc4 Qc2+ 65. Kd4 Bf2+
66. Kd5 Qe4# 0-1

[Event "Deutsche Ländermeisterschaft 2017"]
[Site "Hannover GER"]
[Date "2017.10.03"]
[Round "5"]
[White "Reuter, Elisa"]
[Black "Flach, Helene"]
[Result "0-1"]
[Termination "normal"]
[Board "5.7"]
[WhiteElo "1910"]
[BlackElo "1862"]
[WhiteClock "01:02:57"]
[BlackClock "00:47:19"]
[WhiteTeam "Thüringen"]
[BlackTeam "Hessen"]
[PlyCount "120"]
[WhiteFideId "12995444"]
[BlackFideId "12929735"]
[EventCountry "GER"]
[EventRounds "7"]
[EventType "team-swiss"]
[EventDate "2017.09.29"]

1. e4 c5 2. Nf3 e6 3. b3 d5 4. Bb5+ Nd7 5. exd5 exd5 6. Bb2 a6 7. Bxd7+ Bxd7 8.
O-O d4 9. Re1+ Be7 10. Qe2 Be6 11. d3 Nh6 12. Nbd2 O-O 13. Ne4 Re8 14. Qd1 Nf5
15. h3 Qc7 16. c3 dxc3 17. Bxc3 Rad8 18. Qc2 Rc8 19. Qb2 Red8 20. Red1 Bf8 21.
Rac1 Qb6 22. Qd2 Qa7 23. Qf4 b5 24. Ba5 Re8 25. Bc3 Red8 26. Bb2 h6 27. g4 Nd4
28. Nxd4 cxd4 29. Qg3 Be7 30. f4 Bd5 31. Qf3 Ba8 32. f5 Qb6 33. Qf4 Re8 34.
Rxc8 Rxc8 35. Rd2 Bb4 36. Re2 Bb7 37. f6 Bxe4 38. Qxe4 Qxf6 39. Bxd4 Rc1+ 40.
Kg2 Qf1+ 41. Kg3 Bd6+ 42. Be5 Rc2 43. Rxc2 Bxe5+ 44. Qxe5 Qxd3+ 45. Kf2 Qxc2+
46. Qe2 Qxe2+ 47. Kxe2 Kf8 48. Kd3 Ke7 49. Ke3 Ke6 50. Ke4 g6 51. Kf4 Kd5 52.
h4 f6 53. h5 gxh5 54. gxh5 Ke6 55. Ke4 f5+ 56. Kf4 Kf6 57. Kg3 b4 58. Kf4 a5
59. Ke3 Ke5 60. Kf3 f4 0-1

[Event "Deutsche Ländermeisterschaft 2017"]
[Site "Hannover GER"]
[Date "2017.10.03"]
[Round "5"]
[White "Bayer, Melissa"]
[Black "Schubert, Nikita"]
[Result "0-1"]
[Termination "normal"]
[Board "5.8"]
[WhiteElo "1523"]
[BlackElo "1842"]
[WhiteClock "01:17:18"]
[BlackClock "01:14:06"]
[WhiteTeam "Hessen"]
[BlackTeam "Thüringen"]
[PlyCount "106"]
[WhiteFideId "16206916"]
[BlackFideId "16212339"]
[EventCountry "GER"]
[EventRounds "7"]
[EventType "team-swiss"]
[EventDate "2017.09.29"]

1. e4 e5 2. Nf3 Nc6 3. Bb5 a6 4. Ba4 Nf6 5. d3 b5 6. Bb3 Be7 7. O-O d6 8. h3
O-O 9. Re1 Na5 10. Nbd2 Nxb3 11. axb3 c5 12. Nf1 Bd7 13. Nh4 Qc7 14. Nf5 Bxf5
15. exf5 Qc6 16. Ng3 Rfe8 17. f4 Nd7 18. Qg4 Bf6 19. Rb1 exf4 20. Rxe8+ Rxe8
21. Bxf4 Ne5 22. Qd1 g6 23. fxg6 hxg6 24. Qd2 Bg7 25. Re1 Qd7 26. Kh2 Qe7 27.
Ne4 d5 28. Nf2 Nf3+ 29. gxf3 Qxe1 30. Qxe1 Rxe1 31. Kg3 Bd4 32. Kg2 Re2 33. Bg3
Rxc2 34. Kf1 Bxf2 35. Bxf2 Rxb2 36. Bxc5 Rxb3 37. Ke2 a5 38. Kd2 Rb2+ 39. Kc3
Rh2 40. Bd6 Rxh3 41. f4 f6 42. Bc7 b4+ 43. Kc2 a4 44. Bb6 Rf3 45. Bc7 Rf2+ 46.
Kc1 a3 47. Bb6 Rxf4 48. Bc5 g5 49. Be3 Rf3 50. Bc5 Rxd3 51. Bxb4 Rb3 52. Be7
Kf7 53. Bd8 a2 0-1

[Event "Deutsche Ländermeisterschaft 2017"]
[Site "Hannover GER"]
[Date "2017.10.03"]
[Round "5"]
[White "Pfreundt, Jakob"]
[Black "Sieber, Fiona"]
[Result "1/2-1/2"]
[Termination "normal"]
[Board "6.1"]
[BlackTitle "WFM"]
[WhiteElo "2388"]
[BlackElo "2248"]
[WhiteClock "00:19:05"]
[BlackClock "00:22:22"]
[WhiteTeam "Hamburg"]
[BlackTeam "Sachsen-Anhalt"]
[PlyCount "96"]
[WhiteFideId "12918156"]
[BlackFideId "12902373"]
[EventCountry "GER"]
[EventRounds "7"]
[EventType "team-swiss"]
[EventDate "2017.09.29"]

1. Nf3 {[%clk 1:30:56]} Nf6 {[%clk 1:30:55]} 2. c4 {[%clk 1:31:15]} e6 {[%clk
1:30:55]} 3. Nc3 {[%clk 1:31:27]} Bb4 {[%clk 1:25:32]} 4. Qc2 {[%clk 1:31:44]}
O-O {[%clk 1:19:10]} 5. a3 {[%clk 1:31:55]} Bxc3 {[%clk 1:19:19]} 6. Qxc3
{[%clk 1:32:12]} d5 {[%clk 1:18:38]} 7. e3 {[%clk 1:24:20]} b6 {[%clk 1:14:36]}
8. b4 {[%clk 1:22:10]} Bb7 {[%clk 1:09:38]} 9. Bb2 {[%clk 1:21:30]} Nbd7 {[%clk
1:09:02]} 10. c5 {[%clk 0:59:31]} c6 {[%clk 1:07:54]} 11. Bd3 {[%clk 0:50:45]}
Qe7 {[%clk 1:04:12]} 12. Rc1 {[%clk 0:45:21]} Ne8 {[%clk 0:54:38]} 13. h4
{[%clk 0:31:53]} f6 {[%clk 0:50:31]} 14. Qc2 {[%clk 0:24:05]} g6 {[%clk
0:44:06]} 15. h5 {[%clk 0:23:34]} g5 {[%clk 0:43:59]} 16. Nd4 {[%clk 0:23:33]}
bxc5 {[%clk 0:35:31]} 17. bxc5 {[%clk 0:23:51]} Ne5 {[%clk 0:35:04]} 18. Be2
{[%clk 0:23:51]} Nf7 {[%clk 0:32:45]} 19. h6 {[%clk 0:22:39]} e5 {[%clk
0:29:03]} 20. Nf5 {[%clk 0:22:51]} Qd7 {[%clk 0:28:46]} 21. Ng7 {[%clk
0:14:59]} Nd8 {[%clk 0:23:38]} 22. Nh5 {[%clk 0:09:36]} Rb8 {[%clk 0:23:02]}
23. Bd3 {[%clk 0:08:58]} Bc8 {[%clk 0:21:00]} 24. Ng3 {[%clk 0:09:21]} Qb7
{[%clk 0:19:35]} 25. Rb1 {[%clk 0:08:45]} e4 {[%clk 0:16:56]} 26. Be2 {[%clk
0:08:18]} Qb3 {[%clk 0:15:36]} 27. Qxb3 {[%clk 0:06:18]} Rxb3 {[%clk 0:15:57]}
28. Kd1 {[%clk 0:06:44]} Rf7 {[%clk 0:07:17]} 29. Kc2 {[%clk 0:07:02]} Rfb7
{[%clk 0:07:28]} 30. Bh5 {[%clk 0:06:12]} Nf7 {[%clk 0:07:30]} 31. Ne2 {[%clk
0:05:16]} R3b5 {[%clk 0:05:33]} 32. Bd4 {[%clk 0:04:26]} Rxb1 {[%clk 0:03:00]}
33. Rxb1 {[%clk 0:04:52]} Rxb1 {[%clk 0:03:26]} 34. Kxb1 {[%clk 0:05:17]} Bd7
{[%clk 0:03:28]} 35. Kc2 {[%clk 0:02:58]} f5 {[%clk 0:02:17]} 36. Kc3 {[%clk
0:01:09]} Nxh6 {[%clk 0:02:23]} 37. Bxe8 {[%clk 0:00:49]} Bxe8 {[%clk 0:02:51]}
38. Bf6 {[%clk 0:00:50]} Ng4 {[%clk 0:01:59]} 39. Bxg5 {[%clk 0:01:16]} Nxf2
{[%clk 0:02:24]} 40. Nf4 {[%clk 0:01:16]} Nd1+ {[%clk 0:01:04]} 41. Kc2 {[%clk
0:00:59]} Nf2 {[%clk 0:01:17]} 42. Kc3 {[%clk 0:24:58]} Kf7 {[%clk 0:29:40]}
43. Bh4 {[%clk 0:22:43]} Ng4 {[%clk 0:29:51]} 44. Kd4 {[%clk 0:23:05]} Bd7
{[%clk 0:30:02]} 45. Nh5 {[%clk 0:20:57]} Ke6 {[%clk 0:28:57]} 46. Nf4+ {[%clk
0:21:07]} Kf7 {[%clk 0:29:21]} 47. Nh5 {[%clk 0:20:14]} Be8 {[%clk 0:26:31]}
48. Nf4 {[%clk 0:19:05]} Bd7 {[%clk 0:22:22]} 1/2-1/2

[Event "Deutsche Ländermeisterschaft 2017"]
[Site "Hannover GER"]
[Date "2017.10.03"]
[Round "5"]
[White "Roseneck, Jonas"]
[Black "Gremmel, Jonas Simon"]
[Result "1-0"]
[Termination "normal"]
[Board "6.2"]
[WhiteElo "2179"]
[BlackElo "1815"]
[WhiteClock "00:48:55"]
[BlackClock "00:17:03"]
[WhiteTeam "Sachsen-Anhalt"]
[BlackTeam "Hamburg"]
[PlyCount "65"]
[WhiteFideId "12939870"]
[BlackFideId "12983896"]
[EventCountry "GER"]
[EventRounds "7"]
[EventType "team-swiss"]
[EventDate "2017.09.29"]

1. e4 {[%clk 1:30:58]} g6 {[%clk 1:29:43]} 2. d4 {[%clk 1:31:22]} Bg7 {[%clk
1:30:07]} 3. Nc3 {[%clk 1:31:48]} d6 {[%clk 1:30:29]} 4. f4 {[%clk 1:31:47]}
Nf6 {[%clk 1:27:52]} 5. Nf3 {[%clk 1:32:11]} O-O {[%clk 1:27:55]} 6. Bd3 {[%clk
1:32:38]} c6 {[%clk 1:24:34]} 7. O-O {[%clk 1:30:46]} Qc7 {[%clk 1:21:23]} 8.
Qe1 {[%clk 1:28:05]} Nbd7 {[%clk 1:12:43]} 9. e5 {[%clk 1:26:55]} Nd5 {[%clk
1:12:01]} 10. Nxd5 {[%clk 1:26:35]} cxd5 {[%clk 1:11:52]} 11. Qh4 {[%clk
1:26:54]} Nb6 {[%clk 0:52:08]} 12. c3 {[%clk 1:20:19]} e6 {[%clk 0:49:46]} 13.
Ng5 {[%clk 1:01:32]} h6 {[%clk 0:49:45]} 14. Nf3 {[%clk 1:01:59]} Qd8 {[%clk
0:46:18]} 15. Qh3 {[%clk 1:02:22]} Nc4 {[%clk 0:45:22]} 16. b3 {[%clk 1:01:56]}
Nb6 {[%clk 0:42:34]} 17. Ba3 {[%clk 1:02:16]} Re8 {[%clk 0:42:33]} 18. Bxd6
{[%clk 1:01:58]} Bd7 {[%clk 0:41:25]} 19. g4 {[%clk 1:00:09]} Nc8 {[%clk
0:34:54]} 20. Ba3 {[%clk 1:00:16]} Ne7 {[%clk 0:35:02]} 21. Kh1 {[%clk
0:59:01]} Rc8 {[%clk 0:33:15]} 22. Bb2 {[%clk 0:58:40]} Rc7 {[%clk 0:29:27]}
23. Nh4 {[%clk 0:57:38]} Bc8 {[%clk 0:25:24]} 24. Rac1 {[%clk 0:57:25]} a6
{[%clk 0:23:38]} 25. Qg3 {[%clk 0:56:49]} b5 {[%clk 0:20:28]} 26. Ba3 {[%clk
0:56:30]} Nc6 {[%clk 0:20:03]} 27. Bc5 {[%clk 0:53:12]} Rb7 {[%clk 0:20:15]}
28. Rc2 {[%clk 0:52:02]} Qa5 {[%clk 0:17:25]} 29. f5 {[%clk 0:50:12]} exf5
{[%clk 0:17:40]} 30. gxf5 {[%clk 0:50:37]} g5 {[%clk 0:17:40]} 31. f6 {[%clk
0:49:07]} Bh8 {[%clk 0:16:51]} 32. Nf5 {[%clk 0:48:55]} Bxf5 {[%clk 0:17:03]}
33. Rxf5 1-0

[Event "Deutsche Ländermeisterschaft 2017"]
[Site "Hannover GER"]
[Date "2017.10.03"]
[Round "5"]
[White "Weißhorn, Lasse"]
[Black "Biastoch, Bennet"]
[Result "0-1"]
[Termination "normal"]
[Board "6.3"]
[WhiteElo "1754"]
[BlackElo "2120"]
[WhiteClock "01:18:15"]
[BlackClock "00:16:26"]
[WhiteTeam "Hamburg"]
[BlackTeam "Sachsen-Anhalt"]
[PlyCount "104"]
[WhiteFideId "12943045"]
[BlackFideId "12939889"]
[EventCountry "GER"]
[EventRounds "7"]
[EventType "team-swiss"]
[EventDate "2017.09.29"]

1. e4 {[%clk 1:30:58]} c5 {[%clk 1:30:55]} 2. Nf3 {[%clk 1:31:24]} Nc6 {[%clk
1:31:16]} 3. d4 {[%clk 1:31:49]} cxd4 {[%clk 1:31:38]} 4. Nxd4 {[%clk 1:32:14]}
Qb6 {[%clk 1:31:58]} 5. Nb3 {[%clk 1:32:33]} Nf6 {[%clk 1:32:18]} 6. Nc3 {[%clk
1:32:57]} e6 {[%clk 1:32:41]} 7. Be3 {[%clk 1:33:18]} Qc7 {[%clk 1:32:50]} 8.
a3 {[%clk 1:33:43]} d6 {[%clk 1:32:21]} 9. f4 {[%clk 1:34:03]} Be7 {[%clk
1:31:26]} 10. Qe2 {[%clk 1:33:51]} a6 {[%clk 1:26:01]} 11. g4 {[%clk 1:34:11]}
b5 {[%clk 1:12:24]} 12. g5 {[%clk 1:34:35]} Nd7 {[%clk 1:12:29]} 13. Qf2 {[%clk
1:35:00]} Na5 {[%clk 1:02:45]} 14. Nd4 {[%clk 1:33:09]} Nc4 {[%clk 0:59:13]}
15. O-O-O {[%clk 1:30:10]} Ndb6 {[%clk 0:47:13]} 16. f5 {[%clk 1:16:50]} e5
{[%clk 0:38:10]} 17. Bxc4 {[%clk 1:16:04]} bxc4 {[%clk 0:25:16]} 18. Nde2
{[%clk 1:13:48]} Rb8 {[%clk 0:24:45]} 19. f6 {[%clk 1:13:17]} gxf6 {[%clk
0:23:17]} 20. gxf6 {[%clk 1:12:21]} Bf8 {[%clk 0:23:20]} 21. Bxb6 {[%clk
1:06:26]} Qxb6 {[%clk 0:23:45]} 22. Qxb6 {[%clk 1:06:51]} Rxb6 {[%clk 0:24:08]}
23. Nd5 {[%clk 1:07:10]} Rb7 {[%clk 0:22:24]} 24. Rhg1 {[%clk 1:06:16]} h5
{[%clk 0:20:30]} 25. Nec3 {[%clk 1:04:01]} Bg4 {[%clk 0:19:08]} 26. Rdf1 {[%clk
1:03:48]} Kd7 {[%clk 0:17:41]} 27. Na4 {[%clk 1:02:25]} Bh6+ {[%clk 0:16:52]}
28. Kb1 {[%clk 1:02:36]} Rhb8 {[%clk 0:15:58]} 29. Rg3 {[%clk 1:02:13]} Be6
{[%clk 0:12:25]} 30. Rd1 {[%clk 1:00:44]} Bxd5 {[%clk 0:09:02]} 31. Rxd5 {[%clk
1:01:07]} Rb5 {[%clk 0:09:17]} 32. Rc3 {[%clk 1:01:08]} Ke6 {[%clk 0:08:34]}
33. Rd1 {[%clk 0:59:22]} d5 {[%clk 0:07:18]} 34. exd5+ {[%clk 0:58:51]} Rxd5
{[%clk 0:07:07]} 35. Rxd5 {[%clk 0:59:19]} Kxd5 {[%clk 0:07:31]} 36. Rh3 {[%clk
0:59:37]} Bg5 {[%clk 0:02:22]} 37. Nc3+ {[%clk 0:59:25]} Ke6 {[%clk 0:02:27]}
38. Rxh5 {[%clk 0:59:40]} Bxf6 {[%clk 0:02:22]} 39. Rh6 {[%clk 0:59:18]} Rh8
{[%clk 0:02:18]} 40. Rxh8 {[%clk 0:59:08]} Bxh8 {[%clk 0:02:44]} 41. Kc1 {[%clk
0:59:01]} f5 {[%clk 0:02:12]} 42. b3 {[%clk 0:57:06]} cxb3 {[%clk 0:25:36]} 43.
cxb3 {[%clk 1:28:05]} e4 {[%clk 0:24:25]} 44. Kd2 {[%clk 1:26:36]} Bf6 {[%clk
0:21:23]} 45. Ne2 {[%clk 1:25:00]} Ke5 {[%clk 0:20:50]} 46. b4 {[%clk 1:24:30]}
Be7 {[%clk 0:20:20]} 47. Nc3 {[%clk 1:19:54]} f4 {[%clk 0:18:56]} 48. b5 {[%clk
1:19:19]} axb5 {[%clk 0:16:54]} 49. Nxb5 {[%clk 1:19:11]} f3 {[%clk 0:16:04]}
50. a4 {[%clk 1:17:56]} Bb4+ {[%clk 0:16:02]} 51. Ke3 {[%clk 1:17:53]} Bc5+
{[%clk 0:16:17]} 52. Kd2 {[%clk 1:18:15]} e3+ {[%clk 0:16:26]} 0-1

[Event "Deutsche Ländermeisterschaft 2017"]
[Site "Hannover GER"]
[Date "2017.10.03"]
[Round "5"]
[White "Post, Hugo"]
[Black "Huo, Da"]
[Result "1-0"]
[Termination "normal"]
[Board "6.4"]
[WhiteElo "2023"]
[BlackElo "1659"]
[WhiteClock "00:31:18"]
[BlackClock "00:00:40"]
[WhiteTeam "Sachsen-Anhalt"]
[BlackTeam "Hamburg"]
[PlyCount "55"]
[WhiteFideId "12962490"]
[BlackFideId "16221206"]
[EventCountry "GER"]
[EventRounds "7"]
[EventType "team-swiss"]
[EventDate "2017.09.29"]

1. e4 {[%clk 1:30:38]} c5 {[%clk 1:30:55]} 2. Nf3 {[%clk 1:30:41]} e6 {[%clk
1:31:17]} 3. d4 {[%clk 1:30:37]} cxd4 {[%clk 1:31:41]} 4. Nxd4 {[%clk 1:30:58]}
a6 {[%clk 1:32:02]} 5. Bd3 {[%clk 1:30:46]} Qc7 {[%clk 1:32:21]} 6. O-O {[%clk
1:30:48]} Nf6 {[%clk 1:32:43]} 7. Qe2 {[%clk 1:30:48]} d6 {[%clk 1:33:04]} 8.
c4 {[%clk 1:30:59]} Nbd7 {[%clk 1:33:03]} 9. Nc3 {[%clk 1:30:50]} b6 {[%clk
1:32:59]} 10. f4 {[%clk 1:21:07]} Bb7 {[%clk 1:27:28]} 11. Kh1 {[%clk 1:20:54]}
Be7 {[%clk 1:25:58]} 12. Bd2 {[%clk 1:20:11]} h5 {[%clk 1:09:32]} 13. Rae1
{[%clk 1:17:34]} h4 {[%clk 1:08:51]} 14. Kg1 {[%clk 1:11:43]} Nh5 {[%clk
0:52:09]} 15. Nd5 {[%clk 0:57:05]} exd5 {[%clk 0:35:00]} 16. exd5 {[%clk
0:57:23]} Ndf6 {[%clk 0:24:33]} 17. Nf5 {[%clk 0:56:50]} Ng8 {[%clk 0:24:46]}
18. Bc3 {[%clk 0:56:37]} Kf8 {[%clk 0:24:26]} 19. Rf3 {[%clk 0:43:27]} Re8
{[%clk 0:16:51]} 20. Re3 {[%clk 0:42:17]} Nhf6 {[%clk 0:13:36]} 21. Bxf6 {[%clk
0:39:05]} Nxf6 {[%clk 0:03:14]} 22. Nxe7 {[%clk 0:39:01]} Qc5 {[%clk 0:01:26]}
23. Kh1 {[%clk 0:38:41]} Rxe7 {[%clk 0:00:48]} 24. Rxe7 {[%clk 0:38:30]} Qc8
{[%clk 0:01:14]} 25. Bf5 {[%clk 0:33:03]} Qb8 {[%clk 0:01:37]} 26. Bg6 {[%clk
0:30:32]} fxg6 {[%clk 0:00:31]} 27. Qe6 {[%clk 0:30:54]} Bxd5 {[%clk 0:00:40]}
28. cxd5 {[%clk 0:31:18]} 1-0